| 000 | 00542nam a2200181 i 4500 | ||
|---|---|---|---|
| 001 | 97147 | ||
| 003 | ES-MaACL | ||
| 005 | 20260521123125.0 | ||
| 007 | t| | ||
| 008 | 050707s1975 sp ||||1| spa d | ||
| 100 | 1 |
_aMao, Zedong, _d1893-1976 _9170492 |
|
| 245 | 1 | 3 |
_aLa construcción del socialismo _b: (textos inéditos) / _cMao Tse-Tung; presentados por Hu Chi-hsi. |
| 260 |
_aMadrid : _bFundamentos, _c1975. |
||
| 300 |
_a173 p. ; _c19 cm. |
||
| 700 | 1 |
_aChi-hsi, Hu. _938449 |
|
| 852 |
_aES-MaACL _jE-7893 _bR.92348 |
||
| 999 |
_c97147 _d97147 |
||